Memmler's structure and function of the human body / (Record no. 39237)
[ view plain ]
| 000 -LEADER | |
|---|---|
| fixed length control field | 00455nam a2200169 a 4500 |
| 005 - DATE AND TIME OF LATEST TRANSACTION | |
| control field | 20140311163003.0 |
| 008 - FIXED-LENGTH DATA ELEMENTS--GENERAL INFORMATION | |
| fixed length control field | 021014s19uu xx 00 eng d |
| 050 ## - LIBRARY OF CONGRESS CALL NUMBER | |
| Classification number | QP 36 |
| Item number | .M54 2000 |
| 100 ## - MAIN ENTRY--PERSONAL NAME | |
| Personal name | Cohen, Barbara J. |
| 245 ## - TITLE STATEMENT | |
| Title | Memmler's structure and function of the human body / |
| Statement of responsibility, etc | Barbara J. Cohen. |
| 250 ## - EDITION STATEMENT | |
| Edition statement | 7th |
| 300 ## - PHYSICAL DESCRIPTION | |
| Extent | 378 p. : |
| Other physical details | ill. ; |
| Dimensions | 28 cm. |
| 650 ## - SUBJECT ADDED ENTRY--TOPICAL TERM | |
| Topical term or geographic name as entry element | Anatomy |
| 650 ## - SUBJECT ADDED ENTRY--TOPICAL TERM | |
| Topical term or geographic name as entry element | Physiology |
| 942 ## - ADDED ENTRY ELEMENTS (KOHA) | |
| Koha item type | Books |
| Source of classification or shelving scheme | Library of Congress Classification |
| Call number prefix | Foreign |
| Withdrawn status | Lost status | Source of classification or shelving scheme | Damaged status | Home library | Current library | Shelving location | Date acquired | Total Checkouts | Total Renewals | Full call number | Barcode | Date last seen | Date checked out | Copy number | Price effective from | Koha item type |
|---|---|---|---|---|---|---|---|---|---|---|---|---|---|---|---|---|
| Library of Congress Classification | College Library | College Library | General Circulation Section | 10/14/2002 | 1 | 60 | QP 36 .M54 2000 | C1029 | 05/15/2018 | 02/09/2017 | 1 | 02/19/2014 | Books |